000 01712nam0a2200337 4500
001 RU\NLR\bibl\40380
005 20260406044546.0
010 _a5-7866-0099-8
_95000
021 _aRU
_b99-20630
_91006
035 _a(NLR Aleph) 000039382
090 _a204698
_c204698
100 _a19990728d1999 |||y0rusy50 ca
101 0 _arus
102 _aRU
105 _aa |||||||||
200 1 _aМаркетинг
_eУчеб. пособие для студентов заоч. обучения всех спец.
_fА.Г. Поршнев, Г.А. Азоев
_gМ-во общ. и проф. образования Рос. Федерации, Гос. ун-т упр., Ин-т заоч. обучения
210 _aМ.
_cЗАО "Финстатинформ"
_d1999
215 _a89 с., [2] л. цв. ил.
_cсхем.
_d21
300 _aНа обороте тит. л. авт.: Поршнев А.Г., Азоев Г.Л. - д-ра экон. наук, профессора
320 _aБиблиогр.: с. 89
606 0 _aМаркетинг
_jРуководства, пособия и т.п. для высшей школы
_91262222
_3RU\NLR\auth\66200829
606 0 _aМаркетинг
_jУчебные издания для высшей школы
_91262222
_3RU\NLR\auth\66200829
686 _aУ5-361.4я73
700 1 _4070
_8rus
_7ca
_aПоршнев
_bА. Г.
_f1937-
_gАнатолий Георгиевич
_3RU\NLR\auth\774395
_9114376
701 1 _4070
_8rus
_7ca
_aАзоев
_bГ. Л.
_f1959-
_gГеннадий Лазаревич
_3RU\NLR\auth\774394
_9114375
801 0 _aRU
_bNLR
_c19990728
_gPSBO
801 1 _aRU
_bNLR
_c19990728
852 _aNLR
_j99-6/575
942 _cBOOK
980 _aNB